000 00883nam a22002297a 4500
999 _c8277
_d8277
001 8277
003 BD-JhCC
005 20180419191419.0
008 180220b1999 bg ||||| |||| 00| 0 ben d
035 _a(BD-JhCC)8277
040 _aBD-JhCC
_dBD-JhCC
041 _aben
082 _a530.00
_bKHA 1999
100 _aখান, ডঃ আমির হোসেন
245 _aউচ্চ মাধ্যমিক পদার্থবিজ্ঞান (ব্যবহারিক) :
_bপ্রথম ও দ্বিতীয় পত্র /
_c ডঃ আমির হোসেন খান; মোহাম্মদ ইসহাক
260 _aঢাকাঃ
_bআইডিয়াল লাইব্রেরী
_c1999
300 _a147 p. :
_c24 cm.
650 _aPhysics
700 _aইসহাক, মোহাম্মদ
942 _2ddc
_cBK